| 000 | 00964nam a2200313 i 4500 | ||
|---|---|---|---|
| 001 | 198251 | ||
| 003 | ES-MaACL | ||
| 005 | 20260423165235.0 | ||
| 007 | ta | ||
| 008 | 260422s1963 mx ||||| |||| 000 1 spa d | ||
| 040 |
_bspa _cES-MaACL |
||
| 044 | _amx | ||
| 080 | _a821.134.2-31"19" | ||
| 100 | 1 |
_aOtaola ( _d1907-1980) _4aut _9155408 _eaut |
|
| 245 | 1 | 3 |
_aEl cortejo / _cOtaola |
| 250 | _aPrimera edición, noviembre de 1963 | ||
| 264 | 1 |
_aMéxico D.F. : _bEditorial Joaquín Mortiz, _c1963 |
|
| 300 |
_a368 páginas ; _c20 cm |
||
| 336 |
_2rdacontent _aTexto |
||
| 337 |
_2rdamedia _asin mediación |
||
| 338 |
_2rdacarrier _avolumen |
||
| 490 | 0 | _aNovelistas contemporáneos | |
| 500 | _aRegistro provisional | ||
| 655 | 4 |
_aNovelas de humor _9176428 |
|
| 852 |
_aES-MaACL _cDES _jDB-134 _hDonación: Miguel Guedán _xEncuadernación cartoné _9207223 |
||
| 942 |
_cMONOGRAFIA _n0 |
||
| 999 |
_c198251 _d198251 |
||